000 00289nam a22001337a 4500
008 170427b xxu||||| |||| 00| 0 eng d
020 _a9781422463321
041 _aeng
080 _27 ED
_a343.9
100 _a13
101 _aSHM
245 _aCRIMINOLOGY
_cBROWN.S.E
942 _2udc
_cBK
999 _c12296
_d12296